An album of celestial photographs (Record no. 9407)

MARC details
000 -LEADER
fixed length control field 00588nam a2200193Ia 4500
003 - CONTROL NUMBER IDENTIFIER
control field IN-BaIIA
008 - FIXED-LENGTH DATA ELEMENTS--GENERAL INFORMATION
fixed length control field 211028s9999 xx 000 0 eng d
040 ## - CATALOGING SOURCE
Transcribing agency IIA Library
080 ## - UNIVERSAL DECIMAL CLASSIFICATION NUMBER
Universal Decimal Classification number 520.82
Item number BED
245 #3 - TITLE STATEMENT
Title An album of celestial photographs
Statement of responsibility, etc. edited by A. L. Bedell
260 ## - PUBLICATION, DISTRIBUTION, ETC.
Place of publication, distribution, etc. U.S.A.
Date of publication, distribution, etc. 1946
300 ## - PHYSICAL DESCRIPTION
Extent 64p.
650 ## - SUBJECT ADDED ENTRY--TOPICAL TERM
Topical term or geographic name entry element Astronomy and Astrophysics Thesaurus
650 ## - SUBJECT ADDED ENTRY--TOPICAL TERM
Topical term or geographic name entry element Celestial Bodies
9 (RLIN) 3576
650 ## - SUBJECT ADDED ENTRY--TOPICAL TERM
Topical term or geographic name entry element Photometry
9 (RLIN) 1839
700 ## - ADDED ENTRY--PERSONAL NAME
Personal name Bedell, A. L., ed.
9 (RLIN) 15841
700 ## - ADDED ENTRY--PERSONAL NAME
Personal name Greenberg, J. Mayo, ed.
9 (RLIN) 5546
942 ## - ADDED ENTRY ELEMENTS (KOHA)
Koha item type Books
Holdings
Withdrawn status Lost status Damaged status Not for loan Home library Current library Shelving location Date acquired Total Checkouts Full call number Barcode Date last seen Price effective from Koha item type
        IIA Library-Bangalore IIA Library-Bangalore General Stacks     520.82/BED 10317 05/11/2021   Books

Powered by Koha